000 00580nam a2200229Ia 4500
003 IT-RoPAU
005 20220918175250.0
008 120407s9999 xx 000 0 und d
040 _aIT-RoPAU
040 _cIT-RoPAU
041 _alat
100 _aAlfred Rahlfs
_936388
100 _cedidit
_936389
245 _aSeptuaginta. Id est Vetus Testamentum Graece iuxta LXX Interpr. Volumen I: Leges et Historiae. Editio quarta
250 _aStuttgart
260 _c1950
300 _c24,5 cm
490 _v1
600 _aRilegato
_935130
942 _cBK
_2ddc
999 _c489
_d489